000 00675nam a2200241Ia 4500
003 OSt
005 20220918164646.0
006 a|||||r|||| 00| 0
007 ta
008 220917b |||||||| |||| 00| 0 eng d
020 _a0710001037
024 _a246,429
037 _cTextual
040 _aARTS
_cARTS
_beng
041 _2eng
_aeng
082 _aX:3M24xM18:g(Z), L9
100 _aEdelman Bernard
_919928
245 0 _aOwnership of the image
_b Elements for a marxist theory of law
260 _aLondon
_bRoutledge UK
_c1979
300 _a217p.
_ccm.
942 _hX:3M24xM18:g(Z), L9
_cTEXL
_2CC
999 _c125806
_d125806